| 000 | 00908nam a2200277 a 4500 | ||
|---|---|---|---|
| 003 | MX-MxUPN | ||
| 005 | 20220617130209.0 | ||
| 008 | 220601t1994 mx a||||rb||| 000 0 spa d | ||
| 020 | _a9706073973 | ||
| 040 |
_aMX-MxUPN _bspa _cMX-MxUPN |
||
| 041 | 0 | _aspa | |
| 050 | 1 | 4 |
_aLB1641 M61 _bD47 |
| 100 | 1 |
_aGonzález Villafuerte, Amílcar Luis _944640 |
|
| 100 | 1 |
_aMuñoz Serrano, Ana María _944641 |
|
| 100 | 1 |
_aRossier Manrique, Margarita _944642 |
|
| 100 | 1 |
_aRuiz López, Isabel _944643 |
|
| 100 | 1 |
_aTapia Ortega, Enrique _944644 |
|
| 245 | 1 | 0 |
_aHistoria 1 : _bdescubriendo el pasado |
| 250 | _aPrimera edición. | ||
| 260 |
_aMéxico, D.F. : _bLarousse, _c©1994. |
||
| 300 |
_a247 páginas : _bilustraciones. |
||
| 504 | _aIncluye referencias bibliográficas. | ||
| 650 | 4 |
_aHistoria _xEstudio y enseñanza (Secundaria) _95248 |
|
| 650 | 4 |
_aHistoria _vLibros de texto _96383 |
|
| 942 |
_2lcc _cLIBRO |
||
| 999 |
_c208510 _d208510 |
||